| 000 | 00510pab a2200181 454500 | ||
|---|---|---|---|
| 008 | 180718b2005 xxu||||| |||| 00| 0 eng d | ||
| 100 | _aMarty, Frederic | ||
| 245 | _aThe move to accrual based accounting: the challenges facing central government | ||
| 260 | _c2005 | ||
| 300 | _ap.203-21. | ||
| 362 | _aJun | ||
| 650 | _aAccounting | ||
| 650 | _aCentral government | ||
| 700 | _aVoisin, Arnaud | ||
| 700 | _aTrosa, Sylvie | ||
| 773 | _aInternational Review of Administrative Sciences | ||
| 909 | _a70042 | ||
| 999 |
_c70042 _d70042 |
||